[Event "Druzynowe Mistrzostwa Polski Juniorow - II Liga"]
[Site "Iwonicz"]
[Date "2016-07-31"]
[Round "11.67"]
[White "Miasik, Adrian"]
[Black "Marczak, Szymon"]
[Result "1/2-1/2"]
[WhiteTitle "I"]
[BlackTitle "I"]
[WhiteElo "1950"]
[BlackElo "1709"]

1. d4 d5 2. Nf3 Nf6 3. c4 dxc4 4. Nc3 e6 5. e3 c5 6. Bxc4 a6 7. a4 Nc6 8. O-O Be7
9. d5 exd5 10. Nxd5 Nxd5 11. Bxd5 Nb4 12. e4 O-O 13. Bf4 Nxd5 14. Qxd5 Qxd5 15.
exd5 Rd8 16. Rfe1 Bf6 17. Rac1 Bxb2 18. Rxc5 Bg4 19. Ne5 Ba3 20. Rc7 Bh5 21. g4
Bg6 22. Nxg6 hxg6 23. Rd1 Bd6 24. Bxd6 Rxd6 25. Rxb7 Rc8 26. Rb4 Rc5 27. Rbd4
g5 28. Kg2 g6 29. Kg3 Kg7 30. R1d3 Kf6 31. f4 gxf4+ 32. Kxf4 g5+ 33. Ke4 Rc1 34.
Rf3+ Ke7 35. Ke5 f6+ 36. Ke4 Re1+ 37. Re3 Rxe3+ 38. Kxe3 Rb6 39. Ke4 Rb2 40. Rc4
Rxh2 41. Rc7+ Kd8 42. Ra7 Rf2 43. d6 Rf4+ 44. Kd5 Rxg4 45. Ke6 Re4+ 46. Kf5 Rf4+
47. Ke6 Re4+ 48. Kxf6 Rg4 49. Rxa6 Kd7 50. Ke5 Rg1 51. Ra7+ Kd8 52. Rg7 Re1+ 53.
Kf5 Rd1 1/2-1/2

[Event "Druzynowe Mistrzostwa Polski Juniorow - II Liga"]
[Site "Iwonicz"]
[Date "2016-07-31"]
[Round "11.68"]
[White "Franek, Krzysztof"]
[Black "Ciasnocha, Michal"]
[Result "0-1"]
[WhiteTitle "III"]
[BlackTitle "II"]
[WhiteElo "1134"]
[BlackElo "1460"]

1. e4 e5 2. Nf3 Nc6 3. d4 exd4 4. Bc4 Bc5 5. Ng5 Nh6 6. Bxf7+ Nxf7 7. Nxf7 Bb4+
8. c3 dxc3 9. bxc3 Bxc3+ 10. Nxc3 Kxf7 11. Bb2 Qg5 12. Qf3+ Ke8 13. Nd5 Kd8 14.
Rd1 Ne7 15. O-O d6 16. h3 Be6 17. Nxe7 Kxe7 18. a3 Rhf8 19. Qc3 Rac8 20. Rd3 g6
21. Rg3 Qb5 22. Re1 Qc5 23. Qd2 a6 24. Ree3 Rf7 25. Bd4 Qb5 26. Rb3 Bxb3 0-1

[Event "Druzynowe Mistrzostwa Polski Juniorow - II Liga"]
[Site "Iwonicz"]
[Date "2016-07-31"]
[Round "11.69"]
[White "Babiarz, Arkadiusz"]
[Black "Goszyk, Bartosz"]
[Result "1-0"]
[WhiteTitle "I"]
[BlackTitle "III"]
[WhiteElo "1692"]
[BlackElo "1126"]

1. e4 c5 2. c3 d5 3. exd5 Qxd5 4. d4 cxd4 5. cxd4 Nc6 6. Nf3 e6 7. Nc3 Qd8 8. Be2
Nf6 9. O-O Be7 10. Be3 O-O 11. a3 Nd5 12. Rc1 Bf6 13. Ne4 Qb6 14. Nxf6+ gxf6 15.
Qd2 Kh8 16. b4 Bd7 17. Bd3 Nce7 18. Qe2 Ng6 19. g3 Rac8 20. Nd2 Rc3 21. Nc4 Qd8
22. Rb1 b5 23. Na5 Rxa3 24. Qd2 Rc3 25. Nb7 Qc7 26. Nc5 Ra3 27. Rfc1 Qd8 28. Qb2
Rxd3 29. Nxd3 a5 30. bxa5 Qxa5 31. Ra1 Qb6 32. Nc5 Qc7 33. Nxe6 Qb8 34. Nxf8 Qxf8
35. Rc5 Nb6 36. Rxb5 Bxb5 37. Qxb5 Nc8 38. Ra8 Qd8 39. Qb7 Nge7 40. d5 Kg7 41.
Bc5 Qe8 42. Bxe7 Qxe7 43. Qxe7 Nxe7 44. d6 1-0

[Event "Druzynowe Mistrzostwa Polski Juniorow - II Liga"]
[Site "Iwonicz"]
[Date "2016-07-31"]
[Round "11.71"]
[White "Luka, Agnieszka"]
[Black "Zamarska, Sylwia"]
[Result "0-1"]
[WhiteTitle "II"]
[BlackTitle "I+"]
[WhiteElo "1307"]
[BlackElo "1601"]

1. d4 d5 2. c4 dxc4 3. e3 e5 4. Bxc4 exd4 5. exd4 Bb4+ 6. Nc3 Qe7+ 7. Be3 Nf6 8.
Qc2 Nc6 9. Nge2 Ng4 10. Qd2 Nxe3 11. Qxe3 O-O 12. Qxe7 Nxe7 13. O-O a6 14. Rad1
b5 15. Bb3 Bb7 16. Rd2 Rad8 17. Rfd1 Nd5 18. Rd3 Rfe8 19. Bxd5 Bxd5 20. Nxd5 Rxd5
21. Nc3 Rd7 22. a3 Be7 23. b4 Bf6 24. Kf1 Red8 25. Ne2 c6 26. g3 a5 27. f4 Be7
28. Rb1 axb4 29. axb4 Ra7 30. Kf2 Ra4 31. Rdb3 Rda8 32. Nc1 Ra1 33. Ke2 Rxb1 34.
Rxb1 Ra4 35. Nd3 Ra2+ 36. Kf3 Rxh2 37. Ne5 Rc2 38. Rb3 Bf6 39. Ke4 Bxe5 40. Kxe5
g6 41. d5 cxd5 42. Kxd5 Rc4 43. Ke5 Kg7 44. g4 f6+ 45. Kd5 h6 46. f5 gxf5 47.
gxf5 h5 48. Rg3+ Kf7 49. Rh3 h4 50. Rb3 Rf4 51. Rh3 Rxf5+ 52. Ke4 Rh5 0-1

[Event "Druzynowe Mistrzostwa Polski Juniorow - II Liga"]
[Site "Iwonicz"]
[Date "2016-07-31"]
[Round "11.72"]
[White "Szczypka, Weronika"]
[Black "Polak, Sylwia"]
[Result "0-1"]
[WhiteTitle "II"]
[BlackTitle "II"]
[WhiteElo "1179"]
[BlackElo "1128"]

1. e4 c5 2. Nf3 e6 3. d4 cxd4 4. Nxd4 a6 5. Nc3 Nc6 6. Nxc6 bxc6 7. Bd3 Bc5 8.
O-O Ne7 9. Qg4 Ng6 10. Ne2 d5 11. Nf4 e5 12. Qe2 Nxf4 13. Bxf4 exf4 14. exd5+
Qe7 15. Qxe7+ Bxe7 16. dxc6 O-O 17. Rfe1 Be6 18. Re4 Bf6 19. c3 Bd5 20. Rxf4 Bxc6
21. Re1 Rfd8 22. Bf5 Rab8 23. Rb1 Rd2 24. b4 Rxa2 0-1

[Event "Druzynowe Mistrzostwa Polski Juniorow - II Liga"]
[Site "Iwonicz"]
[Date "2016-07-31"]
[Round "11.73"]
[White "Koseski, Damian"]
[Black "Sloniewski, Kacper"]
[Result "1-0"]
[WhiteTitle "I"]
[BlackTitle "II"]
[WhiteElo "1762"]
[BlackElo "1168"]

1. d4 g6 2. c4 Bg7 3. Nc3 d6 4. e4 a6 5. f4 b6 6. Nf3 Nd7 7. Be2 e6 8. O-O Ne7
9. Be3 O-O 10. Qc2 Bb7 11. Rad1 Nf6 12. d5 exd5 13. cxd5 Re8 14. Bd4 b5 15. a3
Qc8 16. Rfe1 Rb8 17. h3 Ba8 18. b4 h5 19. Qb2 Nd7 20. Bxg7 Kxg7 21. Nxb5+ Nf6
22. Nbd4 Kg8 23. Ng5 a5 24. Nde6 fxe6 25. Qxf6 Rf8 26. Qxe7 Rxf4 27. Qh7+ Kf8
28. Nxe6+ Qxe6 29. dxe6 1-0

[Event "Druzynowe Mistrzostwa Polski Juniorow - II Liga"]
[Site "Iwonicz"]
[Date "2016-07-31"]
[Round "11.74"]
[White "Nowacka, Dorota"]
[Black "Laszczak, Przemyslaw"]
[Result "0-1"]
[WhiteTitle "I"]
[BlackTitle "I+"]
[WhiteElo "1415"]
[BlackElo "1819"]

1. b3 Nf6 2. Bb2 g6 3. g3 Bg7 4. Nc3 O-O 5. Bg2 c6 6. e4 d6 7. Nge2 Nbd7 8. f4
e5 9. d3 Ng4 10. Qd2 Qb6 11. Nd1 f5 12. h3 Nh6 13. Nf2 a5 14. a4 Nc5 15. Rd1 Ne6
16. O-O Nd4 17. Nxd4 exd4 18. Rde1 Bd7 19. Kh2 Rae8 20. Qe2 c5 21. Qd2 Re7 22.
Re2 Rfe8 23. Rfe1 Bxa4 24. bxa4 Qxb2 25. Qxa5 b6 26. Qb5 Qxb5 27. axb5 fxe4 28.
dxe4 Ra7 29. Rb1 Nf5 30. Nd1 Ra2 31. Bf3 Kf8 32. Nb2 d3 33. cxd3 Nd4 0-1

[Event "Druzynowe Mistrzostwa Polski Juniorow - II Liga"]
[Site "Iwonicz"]
[Date "2016-07-31"]
[Round "11.75"]
[White "Krolak, Kacper"]
[Black "Syrkiewicz, Michal"]
[Result "1-0"]
[WhiteTitle "III"]
[BlackTitle "II"]
[WhiteElo "1174"]
[BlackElo "1389"]

1. e4 e6 2. d3 d5 3. Nd2 c5 4. Ngf3 Nc6 5. Be2 Bd6 6. O-O Nge7 7. b3 O-O 8. Bb2
Bd7 9. d4 f6 10. c4 Qb6 11. cxd5 exd5 12. exd5 Nxd5 13. Nc4 Qc7 14. dxc5 Bxh2+
15. Nxh2 Nf4 16. Qd2 Rad8 17. Nd6 Ne6 18. Bc4 Rb8 19. Rfe1 Ncd8 20. b4 b6 21.
Ba3 Kh8 22. Bxe6 Bxe6 23. Nf3 Qc6 24. b5 Qc7 25. c6 a6 26. Nb7 Re8 27. Bd6 1-0

[Event "Druzynowe Mistrzostwa Polski Juniorow - II Liga"]
[Site "Iwonicz"]
[Date "2016-07-31"]
[Round "11.76"]
[White "Sloniewska, Agata"]
[Black "Zaborowski, Maciej"]
[Result "1-0"]
[WhiteTitle "II"]
[BlackTitle "II"]
[WhiteElo "1028"]
[BlackElo "1118"]

1. c4 e5 2. g3 c6 3. Bg2 Nf6 4. Nc3 d5 5. cxd5 Nxd5 6. e4 Nxc3 7. bxc3 Bc5 8. d3
O-O 9. Ne2 Bg4 10. h3 Bh5 11. O-O Qd7 12. Be3 Bxe3 13. fxe3 Rd8 14. d4 h6 15.
Qc2 Bxe2 16. Qxe2 exd4 17. exd4 Qe6 18. Qh5 Nd7 19. e5 Rf8 20. Be4 Qc4 21. Rf3
Qe2 22. Bd3 Qd2 23. Raf1 Qxa2 24. Qf5 g6 25. Qxd7 Qb3 26. Be4 Rad8 27. Qg4 h5
28. Qg5 Qe6 29. Bf5 Qe8 30. Bd3 Rd7 31. Bf5 Rd8 32. Bxg6 fxg6 33. Rxf8+ Qxf8 34.
Rxf8+ Rxf8 35. Qxg6+ Kh8 36. e6 Rg8 37. Qh6# 1-0

[Event "Druzynowe Mistrzostwa Polski Juniorow - II Liga"]
[Site "Iwonicz"]
[Date "2016-07-31"]
[Round "11.77"]
[White "Parol, Pola"]
[Black "Dabrowska, Aleksandra"]
[Result "1-0"]
[WhiteTitle "k"]
[BlackTitle "I"]
[WhiteElo "1817"]
[BlackElo "1371"]

1. e4 e5 2. Nf3 Nc6 3. Bb5 a6 4. Ba4 b5 5. Bb3 Bc5 6. O-O d6 7. c3 Bg4 8. Bd5 Nge7
9. Bxf7+ Kd7 10. b4 Bb6 11. Qb3 Kc8 12. Be6+ Bxe6 13. Qxe6+ Qd7 14. Qxd7+ Kxd7
15. d3 Ng6 16. Be3 Ba7 17. Bxa7 Rxa7 18. g3 Rf8 19. Nbd2 Raa8 20. Kg2 h6 21. d4
Rae8 22. d5 Nce7 23. c4 bxc4 24. Nxc4 Nc8 25. Rac1 Na7 26. Na5 Ne7 27. a4 Rb8
28. Rc4 Rfe8 29. Rfc1 Rec8 30. Nc6 Naxc6 31. dxc6+ Ke6 32. Ne1 Rf8 33. Nd3 Nc8
34. a5 Na7 35. f4 Rbd8 36. R1c2 Nb5 37. Rf2 g6 38. Ra2 h5 39. fxe5 dxe5 40. Nc5+
Ke7 41. Nxa6 Rc8 42. Rc5 Kd6 43. Rxb5 Ra8 44. Rd5+ Ke7 45. Nxc7 Rac8 46. Rd7+
Kf6 47. h4 Rxc7 48. Rxc7 Ke6 49. Rd2 Rb8 50. Rb7 Rc8 51. c7 Ke7 52. Rd8 Rxd8 53.
c8=Q+ Ke8 54. Qe6+ Kf8 55. Qf7# 1-0

[Event "Druzynowe Mistrzostwa Polski Juniorow - II Liga"]
[Site "Iwonicz"]
[Date "2016-07-31"]
[Round "11.79"]
[White "Zylinski, Piotr"]
[Black "Hasterok, Mateusz"]
[Result "1-0"]
[WhiteTitle "I"]
[BlackTitle "II+"]
[WhiteElo "1577"]
[BlackElo "1695"]

1. g3 d5 2. Bg2 c5 3. f4 Nc6 4. Nf3 Nf6 5. O-O Bg4 6. d3 Bxf3 7. Bxf3 h5 8. h3
e6 9. e3 g6 10. Qe2 Bg7 11. c3 Qc7 12. Nd2 Rd8 13. e4 O-O 14. e5 Nd7 15. Kh1 Rfe8
16. Nb3 b5 17. d4 cxd4 18. cxd4 a6 19. Be3 Qb6 20. g4 hxg4 21. hxg4 f6 22. Rac1
Rc8 23. f5 exf5 24. Bxd5+ Kf8 25. gxf5 g5 26. Bxc6 Rxc6 27. d5 Rxc1 28. Bxb6 Rxe5
29. Be3 Rxf1+ 30. Qxf1 Rxe3 31. Qc1 Re5 32. Qc8+ Ke7 33. Qxa6 Re1+ 34. Kg2 Re2+
35. Kf1 Rxb2 36. d6+ Kf7 37. Qb7 Kg8 38. Qxd7 Rxa2 39. Nd4 Ra1+ 40. Kf2 Ra8 41.
Qxb5 Bf8 42. Qd5+ 1-0

[Event "Druzynowe Mistrzostwa Polski Juniorow - II Liga"]
[Site "Iwonicz"]
[Date "2016-07-31"]
[Round "11.80"]
[White "Charczenko, Dominik"]
[Black "Radecki, Adam"]
[Result "1/2-1/2"]
[WhiteTitle "II"]
[BlackTitle "I"]
[WhiteElo "1596"]
[BlackElo "1595"]

1. e4 c5 2. Nf3 e6 3. d4 cxd4 4. Nxd4 Qb6 5. Nb3 a6 6. a3 Nf6 7. Nc3 Qc7 8. Be2
b5 9. Bf3 Bb7 10. O-O d6 11. Bf4 Nbd7 12. Qe2 e5 13. Be3 Be7 14. Rfd1 O-O 15.
g3 Nb6 16. Nd2 Rfe8 17. Bg2 Bf8 18. h4 Rad8 19. Bg5 Be7 20. Nf1 Nc4 21. Rab1 Nxb2
22. Nxb5 axb5 23. Rxb2 Ba6 24. Ne3 Ra8 25. Qd2 g6 26. Bxf6 Bxf6 27. Nd5 Qd8 28.
Nxf6+ Qxf6 29. Qxd6 Qg7 30. Bf1 h6 31. Rbb1 Rec8 32. Bxb5 Bxb5 33. Rxb5 Rxc2 34.
Rdd5 Qf8 35. Qxf8+ Kxf8 36. Rb3 Ra2 37. Rxe5 R2xa3 38. Rb6 R3a5 39. Rxa5 Rxa5
40. Kg2 Ra3 41. h5 Kg7 42. hxg6 f6 43. Kh3 Rf3 44. Kg2 Ra3 45. g4 Ra5 46. Kg3
Kxg6 47. Kf4 h5 48. gxh5+ Rxh5 49. Rd6 Rh4+ 50. Ke3 Rh5 51. f4 Rh3+ 52. Kf2 Kf7
53. Rd2 Ke6 54. Re2 Rh2+ 55. Ke3 Rh5 56. Kd4 Ra5 57. Rc2 Ra1 58. Rc3 Rd1+ 59.
Rd3 Ra1 60. f5+ Ke7 61. Ke3 Re1+ 62. Kf4 Rf1+ 63. Rf3 Re1 64. Rg3 Kf7 65. Rd3
Rf1+ 66. Ke3 Re1+ 67. Kd4 Ke7 68. Kd5 Re2 69. Rd4 Rc2 70. e5 fxe5 71. Kxe5 Re2+
1/2-1/2

[Event "Druzynowe Mistrzostwa Polski Juniorow - II Liga"]
[Site "Iwonicz"]
[Date "2016-07-31"]
[Round "11.81"]
[White "Panek, Bartosz"]
[Black "Hasterok, Lukasz"]
[Result "1-0"]
[WhiteTitle "II+"]
[BlackTitle "III"]
[WhiteElo "1679"]
[BlackElo "1185"]

1. e4 c6 2. d4 d5 3. Nc3 dxe4 4. Nxe4 Bf5 5. Ng3 Bg6 6. Nh3 h6 7. Nf4 Bh7 8. Bd3
Bxd3 9. Qxd3 Nd7 10. O-O Qc7 11. Re1 O-O-O 12. a4 Ngf6 13. b4 e6 14. Bd2 Bd6 15.
Nfe2 Bxg3 16. Nxg3 c5 17. c3 c4 18. Qc2 Nd5 19. a5 Qd6 20. Ne4 Qe7 21. Reb1 g5
22. Nc5 Kc7 23. a6 b6 24. Nb7 Rdg8 25. b5 h5 26. Qa4 h4 27. Qxc4+ Kb8 28. Qd3
Nc7 29. c4 g4 30. Bf4 h3 31. g3 f6 32. Bxc7+ Kxc7 33. c5 f5 34. cxb6+ Nxb6 35.
Qe3 Kb8 36. Rc1 Rc8 37. Qe5+ Ka8 38. Nc5 Rhe8 39. Re1 Qf7 40. Nxe6 Re7 41. d5
Rc5 42. Rac1 Rxc1 43. Rxc1 Qh7 44. d6 Rd7 45. Nc7+ Kb8 46. Qe8+ Nc8 47. Ne6 1-0

[Event "Druzynowe Mistrzostwa Polski Juniorow - II Liga"]
[Site "Iwonicz"]
[Date "2016-07-31"]
[Round "11.85"]
[White "Szustakowski, Antoni"]
[Black "Gajewski, Marcin"]
[Result "1-0"]
[WhiteTitle "I++"]
[BlackTitle "II"]
[WhiteElo "2033"]
[BlackElo "1531"]

1. d4 d5 2. c4 e6 3. Nc3 Nf6 4. cxd5 exd5 5. Bg5 Be7 6. e3 O-O 7. Qc2 Nbd7 8. Bd3
b6 9. Nge2 Bb7 10. O-O h6 11. Bh4 c5 12. dxc5 bxc5 13. Rfd1 Qc7 14. Bg3 Qd8 15.
Bf5 Bc6 16. Nf4 Nb6 17. Nd3 Bd6 18. Ne5 Qc7 19. Nxc6 Bxg3 20. hxg3 Qxc6 21. Rac1
Rfd8 22. Ne2 c4 23. Nc3 Qe8 24. Qe2 a6 25. Rd4 Ra7 26. Rcd1 Rb8 27. Bg4 Na4 28.
Nxa4 Qxa4 29. b3 Qa3 30. bxc4 Nxg4 31. Qxg4 Qxa2 32. cxd5 Rd8 33. d6 Qe6 34. Qf4
a5 35. Re4 Qb3 36. Rdd4 Rad7 37. Re7 Qb1+ 38. Kh2 Qg6 39. Rxd7 Rxd7 40. Qe5 Qe6
41. Qxe6 fxe6 42. e4 e5 43. Rd5 Kf7 44. Rxe5 Rxd6 45. Rxa5 1-0

[Event "Druzynowe Mistrzostwa Polski Juniorow - II Liga"]
[Site "Iwonicz"]
[Date "2016-07-31"]
[Round "11.86"]
[White "Gworys, Grzegorz"]
[Black "Kozlowski, Bartlomiej"]
[Result "1-0"]
[WhiteTitle "II"]
[BlackTitle "II"]
[WhiteElo "1409"]
[BlackElo "1474"]

1. e4 e5 2. Nc3 Nf6 3. Bc4 Bc5 4. d3 h6 5. f4 d6 6. h3 Nc6 7. Nf3 Bd7 8. Na4 Bb6
9. Nxb6 axb6 10. O-O Qc8 11. Qe1 O-O 12. fxe5 dxe5 13. Qg3 Nh5 14. Qh4 Nf6 15.
Bxh6 gxh6 16. Qxf6 Kh7 17. Bxf7 Rxf7 18. Qxf7+ Kh8 19. Qf6+ Kh7 20. Nxe5 Nxe5
21. Qxe5 Be8 22. Qe7+ Kg6 23. Rf6+ 1-0

[Event "Druzynowe Mistrzostwa Polski Juniorow - II Liga"]
[Site "Iwonicz"]
[Date "2016-07-31"]
[Round "11.89"]
[White "Reszka, Zofia"]
[Black "Mielczarek, Joanna"]
[Result "0-1"]
[WhiteTitle "II+"]
[BlackTitle "I"]
[WhiteElo "1127"]
[BlackElo "1552"]

1. e4 e5 2. Nf3 d6 3. d4 Nf6 4. Nc3 Nbd7 5. Be2 Be7 6. O-O O-O 7. Be3 Ng4 8. Qd3
Nxe3 9. Qxe3 exd4 10. Nxd4 Nc5 11. f4 Ne6 12. Nf5 Bf6 13. Rf3 c5 14. Rh3 Bd4 15.
Nxd4 cxd4 16. Qf3 dxc3 17. Qxc3 Nxf4 18. Re3 Nxe2+ 19. Rxe2 Bg4 20. Re3 Qb6 21.
Kh1 Rac8 22. Qb3 Qxb3 23. Rxb3 Rxc2 24. Rxb7 Re8 25. a3 Bc8 26. Rxa7 Rxe4 27.
Ra8 d5 28. Rd1 d4 29. Ra4 Bb7 30. Rb4 Re7 31. Rbxd4 Bxg2+ 32. Kg1 f6 33. R4d2
Rxd2 34. Rxd2 Bh3 35. a4 Kf7 36. b4 Re4 37. Rb2 Bd7 38. a5 Bb5 39. Kf2 g5 40.
Kf3 f5 41. Kf2 f4 42. Kf3 Re3+ 43. Kg4 Kg6 44. Rg2 h5# 0-1